Why everyone (else) is a hypocrite : (Record no. 13656)
[ view plain ]
| 000 -LEADER | |
|---|---|
| fixed length control field | 01268cam a2200301 a 4500 |
| 001 - CONTROL NUMBER | |
| JCCL Control Number | 13656 |
| 003 - CONTROL NUMBER IDENTIFIER | |
| JCCL marc code | BD-JhCC |
| 005 - DATE AND TIME OF LATEST TRANSACTION | |
| control field | 20240313135721.0 |
| 008 - FIXED-LENGTH DATA ELEMENTS--GENERAL INFORMATION | |
| fixed length control field | 100625s2010 njua b 001 0 eng |
| 020 ## - INTERNATIONAL STANDARD BOOK NUMBER | |
| International Standard Book Number | 9780691146744 (hbk. : alk. paper) |
| 020 ## - INTERNATIONAL STANDARD BOOK NUMBER | |
| International Standard Book Number | 0691146748 (hbk. : alk. paper) |
| 020 ## - INTERNATIONAL STANDARD BOOK NUMBER | |
| Cancelled/invalid ISBN | 9781400835997 (electronic bk.) |
| 035 ## - SYSTEM CONTROL NUMBER | |
| system control number | (OCoLC)ocn587249067 |
| 040 ## - CATALOGING SOURCE | |
| Original cataloging agency | DLC |
| Transcribing agency | DLC |
| Modifying agency | YDX |
| -- | BTCTA |
| -- | YDXCP |
| -- | NLE |
| -- | HIR |
| -- | CDX |
| -- | CIT |
| -- | BWX |
| -- | VP@ |
| -- | UKM |
| -- | JRS |
| -- | MOF |
| -- | ONU |
| -- | DLC |
| 041 ## - LANGUAGE CODE | |
| Language code of Book | english |
| 050 00 - LIBRARY OF CONGRESS CALL NUMBER | |
| Classification number | BF311 |
| Item number | .K867 2010 |
| 082 00 - DEWEY DECIMAL CLASSIFICATION NUMBER | |
| Classification number | 153 |
| DDC Edition number | 22 |
| Author mark and Year | KUR 2010 |
| 100 1# - MAIN ENTRY--PERSONAL NAME | |
| Personal name | Kurzban, Robert, |
| Dates associated with a name | 1969- |
| 245 10 - TITLE STATEMENT | |
| Title | Why everyone (else) is a hypocrite : |
| Remainder of title | Evolution and the Modular Mind / |
| Statement of responsibility, etc | Robert Kurzban. |
| 260 ## - PUBLICATION, DISTRIBUTION, ETC. (IMPRINT) | |
| Place of publication, distribution, etc | Princeton, N.J. : |
| Name of publisher, distributor, etc | Princeton University Press, |
| Date of publication, distribution, etc | 2010. |
| 300 ## - PHYSICAL DESCRIPTION | |
| Pagination | x, 274 p. : |
| Other physical details | ill. ; |
| Dimensions | 24 cm. |
| 504 ## - BIBLIOGRAPHY, ETC. NOTE | |
| Bibliography, etc | Includes bibliographical references (p. 245-266) and index. |
| 505 0# - FORMATTED CONTENTS NOTE | |
| Formatted contents note | Consistently inconsistent -- Evolution and the fragmented brain -- Who is "I"? -- Modular me -- The truth hurts -- Psychological propaganda -- Self-deception -- Self-control -- Morality and contradictions -- Morality is for the birds. |
| 650 #0 - SUBJECT ADDED ENTRY--TOPICAL TERM | |
| Topical term or geographic name as entry element | Modularity (Psychology) |
| 650 #0 - SUBJECT ADDED ENTRY--TOPICAL TERM | |
| Topical term or geographic name as entry element | Evolutionary psychology. |
| 650 #0 - SUBJECT ADDED ENTRY--TOPICAL TERM | |
| Topical term or geographic name as entry element | Self-deception. |
| 942 ## - ADDED ENTRY ELEMENTS (KOHA) | |
| Source of classification or shelving scheme | Dewey Decimal Classification |
| Koha item type | Books |
| Source of classification or shelving scheme | Damaged status | Not for loan | Home library | Current library | Shelving location | Date of accession | Cost, normal purchase price | Total Checkouts | Full call number | Barcode | Date last seen | Date checked out | Copy number | Method of acquisition | Koha item type | Currency |
|---|---|---|---|---|---|---|---|---|---|---|---|---|---|---|---|---|
| Dewey Decimal Classification | JCC Rouf Library | JCC Rouf Library | General Stacks | 350.00 | 6 | 153 KUR 2010 | 19110 | 02/09/2026 | 11/17/2025 | C-1 | Purchase | Books | BDT |